Introducción a la medición psicológica

Saved in:
Bibliografiske detaljer
Hovedforfatter: Nunnally, Jum C. (autor)
Format: Bog
Sprog:spansk
Udgivet: Buenos Aires Paidós 1973
Serier:Biblioteca de psicometría y psicodiagnóstico. Serie mayor, 36
Fag:
Tags: Tilføj Tag
Ingen Tags, Vær først til at tagge denne postø!

MARC

LEADER 00000nam a2200000 a 4500
001 UCY6191
003 CL-VaPUC
008 950521e19731100AG |||||||||||||||||spa|d
082 0 4 |a 155.28  |b NUN  |2 21 
100 |a Nunnally, Jum C.  |e autor  |9 309770 
245 1 0 |a Introducción a la medición psicológica 
300 |a 619 p 
942 |c BK 
945 |d 19950521 00:00:00  |a cmena 
260 |a Buenos Aires  |b Paidós  |c 1973 
650 0 |a Psicología   |9 257863 
650 0 |a Pruebas psicológicas  |9 307459 
650 0 |a Psicología individual  |9 309049 
650 0 |a Personalidad   |9 307255 
650 7 |a INVESTIGACION PSICOLOGICA  |2 CL-VaPUC  |9 309030 
650 0 |a Métodos estadísticos   |9 259407 
650 0 |a Pruebas de inteligencia  |9 307461 
650 0 |a Procesos mentales superiores  |9 330839 
650 0 |a Psicología social   |9 222894 
650 7 |a PSICOLOGIA EXPERIMENTAL  |2 CL-VaPUC  |9 309015 
650 0 |a Psicología educacional   |9 307830 
583 |a last modification  |c 19950521 00:00:00  |k Rodrigo Vera 
490 0 |a Biblioteca de psicometría y psicodiagnóstico. Serie mayor, 36 
999 |c 233771  |d 233769 
952 |0 0  |1 0  |4 0  |6 155_280000000000000_NUN_1973  |7 0  |8 A  |9 239509  |a BIBEDU  |b BIBEDU  |d 2019-11-18  |i 1507222  |o 155.28 NUN 1973  |p 1507222  |r 2019-11-18  |w 2019-11-18  |y BK  |k EDU 
952 |0 0  |1 0  |4 0  |6 155_280000000000000_NUN_1973  |7 0  |8 A  |9 239510  |a BIBEDU  |b BIBEDU  |d 2019-11-18  |i 1507206  |o 155.28 NUN 1973  |p 1507206  |r 2019-11-18  |w 2019-11-18  |y BK  |k EDU 
952 |0 0  |1 0  |4 0  |6 155_280000000000000_NUN_1973  |7 0  |8 A  |9 239511  |a BIBEDU  |b BIBEDU  |d 2019-11-18  |i 1507257  |o 155.28 NUN 1973  |p 1507257  |r 2019-11-18  |w 2019-11-18  |y BK  |k EDU